[Event "10th LCC FIDE Open 2018"]
[Site "London"]
[Date "2018.12.10"]
[Round "2"]
[White "Sperling, Lennart"]
[Black "Kueppers, Timo"]
[Result "1/2-1/2"]
[WhiteElo "2116"]
[BlackElo "2320"]
[Annotator "NA RC"]
[PlyCount "21"]
[EventDate "2018.12.09"]
[EventType "swiss"]
[EventCountry "ENG"]
[SourceTitle "playchess.com"]
[Source "ChessBase"]
[SourceQuality "1"]
[TimeControl "40/5400+30:1800+30"]

1. Nf3 {[%emt 0:00:00]} Nf6 {[%emt 0:00:00]} 2. g3 {[%emt 0:00:00]} d5 {[%emt 0:00:00]} 3. Bg2 {[%emt 0:00:02]} Bf5 {[%emt 0:00:00]} 4. c4 {[%emt 0:00:23]} e6 {[%emt 0:01:07]} 5. Qb3 {[%emt 0:02:54]} Nc6 {[%emt 0:05:21]} 6. Qxb7 {[%emt 0:08:54]} Nb4 {[%emt 0:00:30]} 7. Nd4 {[%emt 0:00:59]} Rb8 {[%emt 0:04:06]} 8. Qxa7 {[%emt 0:00:15]} Ra8 {[%emt 0:00:13]} 9. Qb7 {[%emt 0:00:19]} Rb8 {[%emt 0:01:57]} 10. Qa7 {[%emt 0:00:12]} Ra8 {[%emt 0:00:04]} 11. Qb7 {[%emt 0:00:07]} 1/2-1/2

[Event "10th LCC FIDE Open 2018"]
[Site "London"]
[Date "2018.12.10"]
[Round "2"]
[White "Johnson, Daniel"]
[Black "Wu, Li"]
[Result "0-1"]
[WhiteElo "2111"]
[BlackElo "2317"]
[Annotator "NA RC"]
[PlyCount "92"]
[EventDate "2018.12.09"]
[EventType "swiss"]
[EventCountry "ENG"]
[SourceTitle "playchess.com"]
[Source "ChessBase"]
[SourceQuality "1"]
[TimeControl "40/5400+30:1800+30"]

{[%evp 13,88,-9,32767,32767,3,32767,32767,32767,8,-3,32767,0,8,0,0,-10,-2,32767,0,32767,32767,32767,32767,32767,32767,32767,-23,32767,32767,-20,-29,-41,32767,32767,32767,32767,32767,32767,32767,32767,32767,32767,2,0,168,132,490,117,32767,32767,222,32767,32767,32767,114,170,216,162,146,53,31,-20,32767,27,32767,0,40,-33,4,0,32767,13,0,32767,24,0,0]} 1. d4 {[%emt 0:14:06]} Nf6 {[%emt 0:00:00]} 2. c4 {[%emt 0:00:09]} e6 {[%emt 0:00:00]} 3. Nc3 {[%emt 0:00:07]} Bb4 {[%emt 0:00:11]} 4. Qc2 {[%emt 0:01:08]} O-O {[%emt 0:00:38]} 5. Nf3 {[%emt 0:00:53]} c5 {[%emt 0:11:14]} 6. dxc5 {[%emt 0:02:06]} Na6 {[%emt 0:01:38]} 7. g3 {[%emt 0:03:56]} Nxc5 {[%emt 0:02:12]} 8. Bg2 {[%emt 0:01:36]} Nce4 {[%emt 0:03:51]} 9. Bd2 {[%emt 0:02:11]} Nxd2 {[%emt 0:03:03]} 10. Nxd2 {[%emt 0:00:41]} a6 {[%emt 0:18:23]} 11. O-O {[%emt 0:05:10] LiveBook: 14 Games E39: Nimzo-Indian: Classical: 4...c5 5 dxc5 0-0} Rb8 {[%emt 0:01:41]} 12. e4 $146 {[%emt 0:08:05]} ({Predecessor:} 12. a3 Be7 13. Rfd1 Qc7 14. Rac1 d6 15. b4 Bd7 16. Qb3 Rfc8 17. h3 h6 18. Nce4 Nxe4 19. Bxe4 {0-1 (56) Annakov,B (2600)-Piket,J (2619) Internet 1999}) 12... d6 {[%emt 0:02:50]} 13. a3 {[%emt 0:06:28]} Bc5 {[%emt 0:02:17]} 14. Rad1 {[%emt 0:16:23]} Qc7 {[%emt 0:09:32]} 15. b4 {[%emt 0:10:14]} Ba7 {[%emt 0:00:53]} 16. h3 {[%emt 0:07:48]} Bd7 {[%emt 0:04:07]} 17. Qd3 {[%emt 0:03:53]} Rfd8 {[%emt 0:02:58]} 18. Kh2 {[%emt 0:01:43]} Rbc8 {[%emt 0:16:13]} 19. Rc1 {[%emt 0:02:35]} Qb8 {[%emt 0:03:13]} 20. a4 {[%emt 0:04:12]} e5 {[%emt 0:08:12]} 21. a5 {[%emt 0:06:07]} b6 {[%emt 0:04:03]} 22. axb6 {[%emt 0:00:26]} Qxb6 {[%emt 0:00:09]} 23. Rb1 {[%emt 0:00:29]} Bc6 {[%emt 0:01:17]} 24. Nd5 {[%emt 0:00:44]} Bxd5 {[%emt 0:01:29]} 25. exd5 {[%emt 0:00:34]} Qd4 {[%emt 0:01:22]} 26. Qe2 {[%emt 0:00:43]} h5 {[%emt 0:00:31]} 27. Rb3 {[%emt 0:00:28]} h4 {[%emt 0:00:18]} 28. Rd3 {[%emt 0:00:13]} hxg3+ $2 {[%emt 0:00:08]} (28... Qb2 $11) 29. fxg3 {[%emt 0:00:33]} Qb6 $11 {[%emt 0:00:08] [#] and Black has nothing to worry.} 30. Rb3 $2 {[%emt 0:00:38]} (30. Rdf3 $1 $18 {is the precise move to win.}) 30... Qd4 {[%emt 0:01:55]} 31. Rd3 {[%emt 0:00:11]} Qb2 $2 {[%emt 0:00:09]} 32. Rb3 {[%emt 0:00:51]} Qa2 {[%emt 0:00:32]} 33. g4 {[%emt 0:00:28]} Nh7 {[%emt 0:00:39]} ({Black should try} 33... e4 $14) 34. Be4 {[%emt 0:00:34]} Nf8 {[%emt 0:00:24]} (34... Rc7 $16 35. h4 Nf8) 35. Bb1 {[%emt 0:00:18]} Qa4 {[%emt 0:00:17]} 36. Rbf3 {[%emt 0:00:46]} (36. h4 $16) 36... Rc7 {[%emt 0:00:23]} 37. Rb3 {[%emt 0:00:32]} ({Better is} 37. c5 $14) 37... Bd4 {[%emt 0:00:42]} 38. Bd3 {[%emt 0:00:28]} Rb8 {[%emt 0:00:32]} 39. Rfb1 {[%emt 0:00:25]} Rcb7 {[%emt 0:00:25]} 40. b5 {[%emt 0:00:35]} (40. Bc2 $1 $14) 40... Nd7 {[%emt 0:00:48]} 41. Ne4 {[%emt 0:04:56]} Rb6 {[%emt 0:04:55]} 42. Rb4 {[%emt 0:09:27]} Qa3 {[%emt 0:02:22]} 43. R4b3 {[%emt 0:01:23]} Qa5 {[%emt 0:04:07]} 44. Qf3 {[%emt 0:04:47]} axb5 $11 {[%emt 0:03:56]} 45. cxb5 {[%emt 0:03:12]} Nc5 {[%emt 0:04:37]} 46. Ng5 {[%emt 0:06:23]} Qd2+ {[%emt 0:00:14] Qd1 [%emt 00:03:32]} 0-1

[Event "10th LCC FIDE Open 2018"]
[Site "London"]
[Date "2018.12.10"]
[Round "2"]
[White "Merriman, James"]
[Black "Ronka, Erik"]
[Result "0-1"]
[WhiteElo "1696"]
[BlackElo "2281"]
[Annotator "RC"]
[PlyCount "52"]
[EventDate "2018.12.09"]
[EventType "swiss"]
[EventCountry "ENG"]
[SourceTitle "playchess.com"]
[Source "ChessBase"]
[SourceQuality "1"]
[TimeControl "40/5400+30:1800+30"]

1. d4 {[%emt 0:04:06]} d5 {[%emt 0:00:00]} 2. c4 {[%emt 0:00:05]} c6 {[%emt 0:00:00]} 3. Nc3 {[%emt 0:00:08]} Nf6 {[%emt 0:00:24]} 4. Nf3 {[%emt 0:00:06]} e6 {[%emt 0:00:33]} 5. Bg5 {[%emt 0:00:17]} dxc4 {[%emt 0:00:10]} 6. e4 {[%emt 0:00:39]} b5 {[%emt 0:00:10]} 7. e5 {[%emt 0:02:34]} h6 {[%emt 0:00:07]} 8. Bh4 {[%emt 0:00:56]} g5 {[%emt 0:00:03]} 9. Nxg5 {[%emt 0:00:17]} hxg5 {[%emt 0:00:06]} 10. Bxg5 {[%emt 0:00:09]} Nbd7 {[%emt 0:00:07]} 11. g3 {[%emt 0:01:15]} Qb6 {[%emt 0:00:47]} 12. exf6 {[%emt 0:00:29]} Bb7 {[%emt 0:00:15]} 13. Bg2 {[%emt 0:01:12]} O-O-O {[%emt 0:00:08]} 14. O-O {[%emt 0:01:07]} c5 {[%emt 0:00:05]} 15. d5 {[%emt 0:18:10]} b4 {[%emt 0:00:06]} 16. Na4 {[%emt 0:00:51]} Qb5 {[%emt 0:00:26]} 17. dxe6 {[%emt 0:02:47]} Bxg2 {[%emt 0:05:07]} 18. Kxg2 {[%emt 0:01:40]} Qc6+ {[%emt 0:00:23]} 19. Qf3 {[%emt 0:04:29]} Rxh2+ {[%emt 0:02:38]} 20. Kxh2 {[%emt 0:01:45]} Qxf3 {[%emt 0:00:03]} 21. exd7+ {[%emt 0:02:40]} Kxd7 {[%emt 0:03:06]} 22. Rae1 {[%emt 0:12:57]} Bd6 {[%emt 0:04:00]} 23. Bh4 {[%emt 0:01:37]} Rh8 {[%emt 0:01:17]} 24. Kh3 {[%emt 0:03:00]} Qf5+ {[%emt 0:00:46]} 25. Kg2 {[%emt 0:00:49]} Rxh4 {[%emt 0:00:47]} 26. gxh4 {[%emt 0:03:22]} Qg4+ {[%emt 0:00:08]} 0-1

[Event "10th LCC FIDE Open 2018"]
[Site "London"]
[Date "2018.12.10"]
[Round "3"]
[White "Moussard, Jules"]
[Black "Gschnitzer, Adrian"]
[Result "1/2-1/2"]
[WhiteElo "2591"]
[BlackElo "2374"]
[Annotator "TA"]
[PlyCount "76"]
[EventDate "2018.12.09"]
[EventType "swiss"]
[EventCountry "ENG"]
[SourceTitle "playchess.com"]
[Source "ChessBase"]
[SourceQuality "1"]

{[%evp 21,76,0,18,20,13,22,50,47,49,57,15,2,2,0,0,0,0,0,0,0,0,0,0,0,7,2,10,0,0,0,0,0,0,0,0,0,34,8,20,18,22,0,0,0,0,0,0,0,0,0,0,0,0,0,0,0,29997]} 1. e4 c5 2. Nf3 Nc6 3. Bb5 g6 4. Bxc6 bxc6 5. O-O Bg7 6. Re1 Nh6 7. c3 O-O 8. h3 {B31: Sicilian: 2...Nc6 3 Bb5 g6} f5 9. e5 Nf7 10. d3 Rb8 11. Na3 Ba6 {LiveBook: 7 Games} 12. b3 d6 {[%cal Rd6e5]} 13. Bf4 {[#]} Qa5 $146 ({Predecessor:} 13... g5 14. Nxg5 Nxg5 15. Bxg5 dxe5 {½-½ (44) Khismatullin,D (2632)-Gelfand,B (2695) Sochi 2018}) 14. Nc4 Bxc4 15. dxc4 Qxc3 16. Rc1 Qa5 17. e6 Ne5 $36 {[%mdl 2048] Black is more active.} 18. Bxe5 dxe5 19. Nxe5 Bxe5 20. Rxe5 Rfd8 {[%cal Bf8d8,Bd8d2,Bd2e2][%mdl 32]} 21. Qe2 Rd2 22. Qe3 {Strongly threatening Rxf5!} Qxa2 {[#]} 23. Rxf5 $3 {[%mdl 512] Rf7 is the strong threat.} Re2 $1 {[%cal Re2e3]} ({Reject} 23... Qb2 $6 24. Re1 $16) (23... gxf5 24. Qg3+) 24. Qf4 Qxb3 25. Rf7 {Threatening mate with Qh6.} Rxe6 26. Rxh7 $1 {[%mdl 64] Decoy} Kxh7 27. Qf7+ {[%mdl 64] [#] Double Attack} Kh6 28. Qxe6 $11 {[%mdl 4096] Endgame KQR-KQR} Rd8 29. Qe2 ({Don't blunder} 29. Qxc6 $2 Rd1+ 30. Kh2 (30. Rxd1 $2 Qxd1+ 31. Kh2 Qd6+ 32. Qxd6 exd6 $19) 30... Rxc1 $19) 29... e5 {The position is equal.} 30. Re1 e4 $1 31. Qxe4 {Intending Qh4+ and mate.} Rd1 $1 32. Qh4+ Kg7 33. Qe7+ {[%mdl 64] Double Attack} Kg8 34. Qe6+ Kg7 35. Qe5+ Kh7 36. Qc7+ Kh6 $1 37. Qf4+ Kg7 38. Qe5+ {[%mdl 64] Double Attack} Kh6 $2 {[%mdl 40960] Accuracy: White = 57%, Black = 62%. . An unexpected result.} (38... Kh7 $11) 1/2-1/2

[Event "10th LCC FIDE Open 2018"]
[Site "London"]
[Date "2018.12.10"]
[Round "3"]
[White "Istratescu, Andrei"]
[Black "Megalios, Konstantinos"]
[Result "0-1"]
[WhiteElo "2564"]
[BlackElo "2365"]
[Annotator "TA"]
[PlyCount "86"]
[EventDate "2018.12.09"]
[EventType "swiss"]
[EventCountry "ENG"]
[SourceTitle "playchess.com"]
[Source "ChessBase"]
[SourceQuality "1"]

{[%evp 17,86,48,43,41,60,10,38,0,0,-7,-19,-47,0,-37,-22,-31,-22,-73,-90,-79,-78,-116,-90,-98,-91,-86,-103,-189,-158,-161,-167,-261,-169,-168,-170,-170,-170,-170,-176,-174,-170,-188,-185,-244,-244,-244,-244,-244,-244,-244,-244,-371,-348,-428,-421,-448,-420,-402,-381,-321,-265,-345,-264,-832,-768,-1065,-787,-770,-733,-744,-727]} 1. d4 Nf6 2. c4 e6 3. Nf3 Bb4+ 4. Bd2 a5 5. Nc3 b6 6. e3 Bb7 7. Bd3 Bxc3 {E11: Bogo-Indian} (7... d6 8. O-O Nbd7 9. Qe2 Bxc3 10. Bxc3 Be4 11. Nd2 Bxd3 12. Qxd3 Qe7 13. e4 e5 14. Rfe1 Nh5 15. Qf3 {1-0 (50) Tomashevsky,E (2710)-Antipov,M (2580) Tbilisi 2017}) 8. Bxc3 Ne4 9. Bxe4 Bxe4 {LiveBook: 3 Games. White is slightly better.} 10. d5 f6 11. Qd4 Bg6 12. h4 {[#] And now h5 would win.} h5 $1 13. Rd1 $146 ({Predecessor:} 13. Qf4 Na6 14. Qg3 Kf7 15. O-O {1-0 (30) Barbero,G (2495)-Hirzel,R (2210) Zuerich 1991}) 13... Na6 14. e4 d6 (14... e5 $5 {[%cal Re5d4]} 15. Qe3 Nc5 $11) 15. Qe3 e5 16. Nd2 O-O 17. f3 (17. O-O $11 {keeps the balance.}) 17... f5 18. exf5 Bxf5 19. Qg5 Qxg5 (19... Nb4 {is more complex.} 20. Qxd8 Raxd8 21. a3 Nd3+ 22. Kf1 a4) 20. hxg5 Bc2 21. Rc1 Bg6 22. Nf1 (22. Kf2 $17) 22... Nc5 23. Rd1 e4 24. Kf2 (24. Ke2 {might work better.}) 24... exf3 25. gxf3 Ne4+ 26. Kg2 Nxc3 ({Don't play} 26... Nxg5 27. Nd2 $17) 27. bxc3 Rae8 28. Kf2 {[#]} Rxf3+ $1 {[%mdl 576] Remove Defender} 29. Kxf3 {Strongly threatening Ng3.} Be4+ {[%mdl 64] Skewer} 30. Kg3 (30. Kf2 $142 Bxh1 31. Nd2) 30... Bxh1 $19 {[%mdl 4096] Endgame KRB-KRN} 31. Nd2 Be4 32. Re1 Bg6 33. Rxe8+ Bxe8 {KB-KN} 34. Kf4 (34. Nb3 $142) 34... Bg6 35. Ke3 Kf7 36. a3 Bf5 37. Nf3 Kg6 38. Kf4 Bd3 39. Nd4 Bxc4 40. Ne6 $2 (40. Nf5) 40... c5 {Black is clearly winning.} 41. Nf8+ Kf7 42. Nd7 Bxd5 43. Nxb6 Be6 {Accuracy: White = 29%, Black = 73%.} 0-1

[Event "10th LCC FIDE Open 2018"]
[Site "London"]
[Date "2018.12.10"]
[Round "3"]
[White "Hillarp Persson, Tiger"]
[Black "Gullaksen, Eirik"]
[Result "1-0"]
[WhiteElo "2546"]
[BlackElo "2349"]
[Annotator "TA"]
[PlyCount "69"]
[EventDate "2018.12.09"]
[EventType "swiss"]
[EventCountry "ENG"]
[SourceTitle "playchess.com"]
[Source "ChessBase"]
[SourceQuality "1"]

{[%evp 22,69,75,85,69,71,72,79,70,28,27,33,29,33,24,28,30,28,33,13,124,104,108,122,111,118,103,76,118,112,113,100,107,108,129,147,139,104,131,89,93,91,293,289,483,504,520,521,1258,1249]} 1. d4 Nf6 2. c4 g6 3. Nc3 Bg7 4. e4 O-O 5. Nf3 d6 6. Be2 Na6 7. Bf4 Nd7 {E91: King's Indian: Classical: 6 Be2, unusual replies including 6...c5 and 6...Bg4} 8. O-O e5 9. Bg5 Qe8 10. Re1 h6 11. Bh4 Nf6 $146 ({Predecessor:} 11... exd4 12. Nxd4 Ne5 13. Nd5 g5 14. Bg3 c6 15. Ne3 {½-½ (67) Van Wely,L (2675)-Kleijn,C (2429) playchess.com INT 2011}) 12. Bxf6 {LiveBook: 35 Games} Bxf6 13. c5 Nb4 14. dxe5 dxe5 15. a3 Nc6 16. Nd5 Qd8 17. h3 Bg7 18. Bc4 Be6 19. b4 Nd4 20. Rc1 (20. Qd3 {keeps more tension.} Re8 21. Nxd4 exd4 22. Nf4 Bxc4 23. Qxc4 c6 24. Nd3) 20... b5 (20... c6 $11 21. Nxd4 exd4) 21. Nxd4 $16 exd4 22. Bxb5 Bxd5 23. exd5 Qxd5 24. Qd3 a5 25. Bc4 Qg5 26. b5 Rab8 27. h4 Qf6 28. Qg3 Rbc8 29. Re4 Kh8 30. Rce1 {[#] Strongly threatening Rf4.} Qf5 31. c6 a4 $2 (31... Qc5 $16 32. Qb3 Rcd8) 32. Re7 $18 Qc5 $2 (32... h5 {is a better defense.} 33. Qg5 (33. Rxc7 Rxc7 34. Qxc7 Qc2 $16) 33... Qxg5 34. hxg5 d3) 33. Bxf7 {White is clearly winning.} d3 34. Qxd3 Bd4 35. Qxg6 {Accuracy: White = 75%, Black = 30%.} 1-0

[Event "10th LCC FIDE Open 2018"]
[Site "London"]
[Date "2018.12.10"]
[Round "3"]
[White "Debashis, Das"]
[Black "Bradbury, Neil H"]
[Result "1/2-1/2"]
[WhiteElo "2544"]
[BlackElo "2336"]
[Annotator "TA"]
[PlyCount "35"]
[EventDate "2018.12.09"]
[EventType "swiss"]
[EventCountry "ENG"]
[SourceTitle "playchess.com"]
[Source "ChessBase"]
[SourceQuality "1"]

{[%evp 18,35,18,8,0,-3,37,36,40,27,27,31,59,11,12,10,6,11,0,0]} 1. d4 Nf6 2. c4 e6 3. Nc3 Bb4 4. Qc2 d5 5. cxd5 exd5 6. Bg5 c5 7. dxc5 {E35: Nimzo-Indian: Classical: 4...d5 5 cxd5 exd5} (7. Nf3 O-O 8. e3 h6 9. Bh4 g5 10. Bg3 Ne4 11. Bd3 Bf5 12. dxc5 Nd7 13. Nd4 Bxc3+ 14. bxc3 Bg6 {1-0 (26) Nepomniachtchi,I (2729)-Howell,D (2676) Riadh 2017}) 7... Nc6 8. e3 h6 9. Bxf6 Qxf6 10. Nf3 {LiveBook: 5 Games} O-O 11. O-O-O Bxc3 (11... Ne7 {feels hotter.} 12. Rxd5 Bf5 13. Bd3 Bxc3 14. Rxf5 Nxf5 15. Qxc3 Qxc3+ 16. bxc3 Ne7) 12. Qxc3 Qxc3+ 13. bxc3 Be6 14. Nd4 Rac8 15. Nb3 Ne5 {The position is equal.} 16. Bb5 $146 ({Predecessor:} 16. Kb2 Nd7 17. c4 Nxc5 18. cxd5 {0-1 (39) Alvarez,R-Hase,J (2345) Buenos Aires 1989}) 16... a6 17. Be2 Nd7 18. Rd4 1/2-1/2

[Event "10th LCC FIDE Open 2018"]
[Site "London"]
[Date "2018.12.10"]
[Round "3"]
[White "Hector, Jonny"]
[Black "Paterek, Michal"]
[Result "1/2-1/2"]
[WhiteElo "2501"]
[BlackElo "2328"]
[Annotator "TA"]
[PlyCount "290"]
[EventDate "2018.12.09"]
[EventType "swiss"]
[EventCountry "ENG"]
[SourceTitle "playchess.com"]
[Source "ChessBase"]
[SourceQuality "1"]

{[%evp 9,290,-10,29,26,49,16,21,18,18,16,16,-7,0,0,0,-7,0,-14,4,-15,35,0,41,35,29,0,0,0,0,0,0,0,0,0,0,0,0,-43,-38,-34,-45,-51,-53,-56,-46,-61,-59,-72,-43,-48,-48,-53,-59,-53,-46,-53,-62,-62,-47,-51,-53,-52,-10,-38,-27,-54,0,-12,0,-18,416,426,630,637,719,720,681,679,843,843,793,793,736,726,815,796,796,761,761,190,189,189,168,106,103,96,235,0,-8,-352,-320,-301,0,0,0,-1091,-977,-935,-858,-786,-656,-1546,-1476,-1394,-1387,-1501,-1222,-1201,-1127,-1254,-535,-1078,-1037,-646,-351,-1647,-343,-343,-343,-343,-246,-336,0,-336,-336,-336,-308,-335,-246,-261,-246,-246,-246,-254,-246,-246,-246,-246,-246,-246,-246,-246,-246,-246,-246,-246,-246,-246,-245,-245,-245,-245,-244,-29971,-29971,-29973,-29974,-29973,-29967,-29966,-29969,-29964,-29969,-29968,-29967,-29971,-29973,-29972,-29970,-29974,-29974,-29974,-29975,-29973,-29975,-29974,0,0,0,-29970,-29971,-29975,-29976,-29979,-29974,-29974,-29975,-29975,-29975,-29975,-29976,-29977,-29978,-29978,-29979,-29974,-29974,-29975,-29976,-29976,-29972,-29972,0,-29976,0,-29966,0,0,0,-29963,0,0,0,0,0,-29975,-29975,-29975,-29972,0,0,0,0,0,0,0,0,0,0,0,0,0,0,0,0,0,0,0,0,0,0,0,0,0,0,0,0,0,0,0,0,0,0,0,0,0,0,0,0,0,0,0,0,0,0,0,0,0,0,0,0,0,0]} 1. e4 c6 2. d4 d5 3. f3 e6 4. Nc3 b5 (4... Bb4 5. Bf4 Ne7 6. Nge2 b6 7. a3 Bd6 8. Qd2 Ba6 9. O-O-O O-O 10. h4 Bxf4 11. Qxf4 Nd7 12. h5 h6 13. g4 {0-1 (50) Li,C (2714)-Vaibhav,S (2561) Dresden 2018}) 5. Be3 Nd7 6. Bd3 {B12: Caro-Kann: Advance Variation} Nb6 $146 ({Predecessor:} 6... a6 7. Qd2 Bb7 8. Nge2 Qc8 9. Nf4 c5 10. dxc5 dxe4 11. Bxe4 Nxc5 12. Bxc5 Bxc5 13. Bxb7 Qxb7 {0-1 (34) Niemoeller,L (1074)-Ritter,K (1258) Hanerau 2015}) 7. Nh3 Nc4 8. Bxc4 bxc4 9. O-O Bb4 10. Ne2 {[%cal Bc3e2,Be2g3,Bg3h5,Bh5f6][%mdl 32]} Nf6 11. c3 Be7 12. e5 Nd7 13. Qd2 Rb8 14. Ng3 Qb6 15. Rf2 c5 16. Nh5 Rg8 17. Qc2 g6 18. dxc5 Qc6 19. Nf6+ Nxf6 20. exf6 Bxf6 21. f4 Be7 $36 {[%mdl 2048] Black fights for an advantage.} 22. Ng5 f6 23. Nf3 Bxc5 24. Bxc5 Qxc5 25. Re1 Kf7 26. g4 Kg7 27. g5 Rf8 28. Qd2 Rb6 29. gxf6+ Rxf6 30. Nd4 Rb7 31. Re5 Rbf7 32. Kg2 Qd6 33. Qe3 Kg8 34. Kg3 Rb7 35. h4 Rb6 36. Re2 Bd7 37. Nf3 {[%cal Bd4f3,Bf3h2,Bh2g4,Bg4f6][%mdl 32]} Qb8 (37... Rb8 $15) 38. Qd4 h6 39. Nh2 Rf5 $2 {[%mdl 8192]} ({Avoid the trap} 39... Rxb2 $2 40. Ng4 $18) (39... Qf8 $11) 40. Ng4 $18 Rxe5 (40... Qd8 $142 41. Rxf5 gxf5) 41. Nf6+ Kf7 42. Nxd7 Rxe2 43. Nxb8 Rbxb2 {White must now prevent ...Rbd2.} 44. Qxa7+ Kf6 45. Nd7+ Kf5 46. Ne5 (46. Qd4 e5 $18) 46... Rxa2 47. Qf7+ {[%mdl 64] Double Attack} Ke4 48. Qxg6+ {[%mdl 64] Double Attack} Ke3 49. Ng4+ $2 (49. Qxe6 Rg2+ 50. Kh3 Kxf4 51. Ng6+ Rxg6 52. Qxg6) 49... Kd2 50. Qxh6 Kxc3 {intending ...Re1.} 51. Qg7+ (51. Qf8 $1 $18) 51... d4 $16 52. h5 $1 {[%cal Rh5h6]} Rg2+ (52... Re1 $16) 53. Kh4 $2 ({Only move:} 53. Kh3 $1 $18) 53... Ra1 $11 54. Kh3 $2 {[%mdl 8192]} (54. Qc7 $1 $11 Rag1 55. Qa5+ Kd3 56. Ne5+ Ke2 57. Kh3 (57. Qa2+ $2 Ke3 $19 {[%mdl 64] Discovered Attack (Double check)}) 57... Rg3+ 58. Kh4) 54... Rag1 $1 $19 55. h6 {Strongly threatening h7.} Rxg4 $2 (55... Rg3+ $1 $19 56. Kh4 Rxg4+ 57. Qxg4 Rxg4+ 58. Kxg4 d3) 56. Qxg4 $11 Rxg4 57. Kxg4 $4 $19 {[%mdl 12288] Endgame K3P-KPP} (57. h7 $11 Rxf4 58. h8=Q) 57... d3 {Threatens to win with ...d2.} 58. h7 d2 59. h8=Q+ Kc2 60. Qh2 Kc1 61. Kg5 d1=Q {KQ-KQ} 62. Kf6 Qg4 63. Qf2 Qf5+ 64. Ke7 Qe4 (64... c3 $142 {aiming for ...Qd5.} 65. Qg1+ Kc2) 65. Qf1+ Kd2 66. Qf2+ Kc3 67. Qf1 $2 (67. Qb6) 67... Kb2 $2 (67... Kb4 68. Qd1 c3) 68. Qf2+ Kb3 {And now ...c3 would win.} 69. Qb6+ Ka2 {Hoping for ...c3.} 70. Qa5+ Kb3 71. Qb6+ Kc3 72. Qxe6 Qxf4 73. Qa6 Kd3 74. Ke8 Qe4+ 75. Kf8 Kd2 76. Qh6+ Qe3 77. Qh2+ Kc1 {...c3 is the strong threat.} 78. Qh1+ Kb2 79. Qg2+ Kb3 80. Qb7+ Kc2 81. Qg2+ Qd2 82. Qg6+ Kb3 83. Qe6 Qf4+ 84. Kg8 Qd4 85. Qf7 Qe4 86. Kf8 $2 (86. Kg7 $19) 86... Kb4 87. Kg8 c3 {[%cal Bc4c3,Bc3c2][%mdl 32]} 88. Qf8+ Kb3 89. Qb8+ Qb4 90. Qg3 Qc4+ 91. Kh7 Ka2 92. Qg2+ c2 93. Qa8+ Kb2 94. Qb7+ Kc3 95. Qg7+ Qd4 96. Qc7+ Kd3 97. Qg3+ Qe3 $2 (97... Kc4 98. Qc7+ Kb3 99. Qf7+ Qc4 100. Qb7+ Kc3 101. Qg7+ Kb3 102. Qb7+ Ka2 103. Qa8+ Kb3 104. Qb7+) 98. Qd6+ $11 Kc3 99. Qc7+ $2 {[%mdl 8192]} (99. Qa3+ $11 Kd2 100. Qa5+ Ke2 101. Qh5+ Qf3 102. Qh2+ Kd3 103. Qd6+ Kc4 104. Qa6+ Kb4 105. Qb6+ Kc3 106. Qc5+ Kb2 107. Qe5+ Ka2 108. Qa5+ Qa3 109. Qd5+ Kb1 110. Qe4) 99... Kb2 $1 100. Qb7+ Qb3 $1 101. Qg7+ Ka2 102. Qg2 Qf7+ 103. Kh8 Qe8+ 104. Kh7 Qe7+ 105. Kh8 Kb1 106. Qg6 Qh4+ 107. Kg8 Qc4+ 108. Kh7 Ka2 109. Qg2 Kb3 110. Qf3+ Kb2 $2 (110... Kb4 111. Qb7+ Kc3 112. Qg7+ Qd4 113. Qc7+ Kb3 114. Qf7+ Qc4 115. Qb7+ Kc3) 111. Qg2 $2 {[%mdl 8192]} (111. Qb7+ $11 Qb3 112. Qg2) 111... Kc3 112. Qg7+ $1 Qd4 $2 (112... Kb4 $1 113. Qb7+ Kc3 114. Qg7+) 113. Qc7+ $1 Kd3 $2 {[%mdl 8192]} (113... Kb2 $11 114. Qb7+ Kc3 115. Qc6+ Kb2 116. Qb7+ Ka2 117. Qa6+ Kb3 118. Qb5+ Qb4 119. Qd5+ Kc3 120. Qe5+ Kb3 121. Qd5+ Ka3 122. Qf3+ Qb3 123. Qa8+ Qa4 124. Qf8+ Qb4 125. Qf3+ Qb3 126. Qf8+ Ka2 127. Qa8+ Kb2) 114. Qg3+ Qe3 $2 (114... Kc4 $1 {mates} 115. Qc7+ Kb3 116. Qf7+ Qc4 117. Qb7+ Qb4 118. Qf3+ Ka2 119. Qg2 Qe7+ 120. Kg8 Kb2 121. Kh8 Qc7 122. Qe2 Qg3 123. Qb5+ Qb3 124. Qe2 Qg3 125. Qb5+ Qb3 126. Qe2 Kb1 127. Qe4 Ka2 128. Qa8+ Qa3 129. Qd5+ Ka1 130. Qe5+ Qb2 131. Qg7 c1=Q 132. Kg8 Qxg7+ 133. Kxg7 Qf4 134. Kg6 Kb2 135. Kg7 Kc3 136. Kg6 Kd4 137. Kg7 Qg5+ 138. Kf8 Ke5 139. Ke8 Qg7 140. Kd8 Kd6 141. Ke8 Qg8#) 115. Qd6+ Ke2 116. Qh2+ Qf2 117. Qe5+ $2 {[%mdl 8192] [#]} (117. Qh5+ $11 Qf3 118. Qh2+ Kd1 119. Qg1+ Kd2 120. Qh2+ Kc1 121. Qe5) 117... Kf1 $1 118. Qb5+ {[#]} Kg1 $1 119. Qg5+ Kh1 {The position is equal.} 120. Qc1+ $1 Kh2 121. Qh6+ Kg3 122. Qg6+ Kf4 123. Qd6+ Ke4 124. Qc6+ Kd3 125. Qb5+ Kc3 126. Qc6+ Kb2 127. Qb7+ Kc1 128. Qh1+ Kd2 129. Qd5+ Ke1 130. Qh1+ $1 Qf1 131. Qe4+ Kd2 (131... Kd1 $5 132. Qd4+ $8 Ke1 133. Qb4+ Kd1 134. Qd4+ Ke2 135. Qc4+ {[%mdl 64] Double Attack} Kf2 136. Qf4+ Kg1 137. Qg3+ Qg2 138. Qe1+ Qf1 139. Qg3+ Kh1 140. Qh4+ Kg2 141. Qe4+ {[%mdl 64] Double Attack} Kg3 142. Qg6+ Kh3 $11) 132. Qb4+ Kc1 133. Qa3+ Kd1 134. Qd6+ Ke1 135. Qb4+ Kd1 136. Qd6+ $1 Kc1 137. Qa3+ Kd2 (137... Kd1 $5 138. Qd6+ $8 $11) 138. Qb4+ Ke3 (138... Kc1 $5 139. Qa3+ $8 $11) 139. Qc5+ Kd2 140. Qb4+ Kd1 (140... Kc1 $5 141. Qa3+ $8 $11) 141. Qd6+ $1 Ke2 142. Qe7+ Kd3 (142... Kd1 $5 143. Qd6+ $8 $11) 143. Qd6+ Kc3 144. Qa3+ Kd2 {( -> ...Qd3+)} 145. Qb4+ Ke3 {Accuracy: White = 53%, Black = 54%.} 1/2-1/2